智利共和国民法典. Zhi li gong he guo min fa dian.

Salvato in:
Dettagli Bibliografici
Autore principale: 徐国栋, Xu, Guodong (compilator)
Natura: Libro
Lingua:cinese
Pubblicazione: Xianggan, Hong Kong: 金桥文化出版 (香港) 有限公司, 2002.
Soggetti:
Tags: Aggiungi Tag
Nessun Tag, puoi essere il primo ad aggiungerne!!

MARC

LEADER 00000cam a2200000 a 4500
001 UCE4791
003 CL-VaPUC
005 20250416110213.0
008 141113e20020000ch |||||||||||||||||chi|d
999 |c 357671  |d 357669 
020 |a 962-86389-3-9 
040 |c Pontificia Universidad Católica de Valparaíso 
082 0 4 |a 346.83 XU 2002  |2 21 
100 0 |a  徐国栋,   |e compilator  |9 577284  |q Xu, Guodong 
245 |a 智利共和国民法典. Zhi li gong he guo min fa dian. 
246 1 0 |a Código Civil de la República de Chile 
260 |a Xianggan, Hong Kong:  |b 金桥文化出版 (香港) 有限公司,   |c 2002. 
300 |a 471 páginas.  
500 |a Edición de acuerdo con los editores de abogados chilenos novena edición traducida en 1989 
500 |a c.2 Donación Familia Prof. Alejandro Guzmán Brito 
583 |a last modification  |c 20141113 14:00:00  |k Rodrigo Vera 
650 0 |a Código civil chileno  |9 255931 
942 |c BK  |2 ddc  |n 0 
952 |0 0  |1 0  |2 ddc  |3 erb  |4 0  |5 1  |6 346_830000000000000_XU_2002  |7 1  |8 C_LRYV  |9 465709  |a FDOBRV  |b BIBDER  |i 5124603  |o 346.83 XU 2002  |p 5124603  |r 2023-01-25  |w 2019-11-23  |y BK_X  |z Catalogado en:20141113  |k BRV 
952 |0 0  |1 0  |2 ddc  |4 0  |6 346_830000000000000_XU_2010  |7 1  |8 C_AGB  |9 586113  |a BIBDER  |b BIBDER  |d 2022-08-10  |e Donación   |i 5654062  |o 346.83 XU 2010  |p 5654062  |r 2023-01-25  |t 2  |w 2022-08-10  |y BK_US  |k AGB